President Surnames Containing 'A' Quiz Stats

 Plays Quiz Updated Jul 30, 2018

Challenge
Share
Tweet
Embed
Score 0/21 Timer 03:00
2 Plays Today
US Presidents % Correct
John Adams
94.6%
John Quincy Adams
94.5%
Barack Obama
92.2%
George Washington
91.6%
Jimmy Carter
84.7%
Ronald Reagan
83.8%
Andrew Jackson
78.5%
James Madison
76.7%
Ulysses S. Grant
76.5%
William H. Taft
75.4%
William H. Harrison
70.3%
US Presidents % Correct
Benjamin Harrison
70.3%
Harry S. Truman
70%
Martin Van Buren
66.2%
Zachary Taylor
64.6%
James Garfield
63.9%
James Buchanan
62.9%
Chester A. Arthur
60.7%
Grover Cleveland
56.7%
Warren G. Harding
56.5%
Rutherford B. Hayes
53.4%

You're not logged in!

Compare scores with friends on all Sporcle quizzes.
OR
Log In

You Might Also Like...

Show Comments

Extras

Top Quizzes Today


Score Distribution

Your Account Isn't Verified!

In order to create a playlist on Sporcle, you need to verify the email address you used during registration. Go to your Sporcle Settings to finish the process.

Report this User

Report this user for behavior that violates our Community Guidelines.

Details: